Principles of risk management and insurance / (Record no. 6661)

MARC details
000 -LEADER
fixed length control field 01842cam a2200217Ki 4500
020 ## - INTERNATIONAL STANDARD BOOK NUMBER
ISBN 9780273789949
020 ## - INTERNATIONAL STANDARD BOOK NUMBER
ISBN 0273789945
050 #4 - CALL NUMBER
Classification number HG8051
Item number .R27
100 1# - AUTHOR
Personal name Rejda, George E.,
245 10 - TITLE
Title Principles of risk management and insurance /
Statement of responsibility, etc by George E. Rejda and Michael J. McNamara.
250 ## - EDITION
Edition statement Twelfth edition, Global edition.
260 ## - PUBLICATION INFORMATION
Place of publication Boston :
Name of publisher Pearson,
Year of publication 2014.
300 ## - DESCRIPTION
Number of Pages 720 pages ;
Dimensions 26 cm.
500 ## - NOTES
General note Includes index.
505 ## - FORMATTED CONTENTS NOTE
Table of Content I. BASIC CONCEPTS IN RISK MANAGEMENT AND INSURANCE 1. Risk and its Treatment <br/>2. Insurance and Risk <br/>3. Introduction to Risk Management <br/>4. Advanced Topics in Risk Management . <br/>THE PRIVATE INSURANCE INDUSTRY II<br/>5. Types of Insurers and Marketing Systems<br/>6. Insurance Company Operations<br/>7. Financial Operations of Insurers<br/>8. Government Regulation of Insurance <br/>III. LEGAL PRINCIPLES IN RISK AND INSURANCES.<br/>9. Fundamental Legal Principles<br/>10. Analysis of Insurance Contracts IV. LIFE AND HEALTH RISKS<br/>11. Life Insurance<br/>12. Life Insurance Contractual Provisions<br/>13. Buying Life Insurance<br/>14. Annuities and Individual Retirement Accounts<br/>15. Health Care Reform; Individual Health Insurance Coverages<br/>16. Employee Benefits: Group Life and Health Insurance<br/>17. Employee Benefits: Retirement Plans<br/>18. Social Insurance V. PERSONAL PROPERTY AND LIABILITY RISKS<br/>19. The Liability Risk<br/>20. Homeowners Insurance, Section I<br/>21. Homeowners Insurance, Section II<br/>22. Auto Insurance<br/>23. Auto Insurance and Society<br/>24. Other Property and Liability Insurance Coverages VI. COMMERCIAL PROPERTY AND LIABILITY RISKS <br/>25. Commercial Property Insurance<br/>26. Commercial Liability Insurance<br/>27. Crime Insurance and Surety Bonds
650 #0 - SUBJECTS
Topical Term Insurance.
650 #0 - SUBJECTS
Topical Term Risk (Insurance)
650 #0 - SUBJECTS
Topical Term Risk management.
700 1# - OTHER AUTHORS
Personal name McNamara, Michael J.,
942 ## - ADDED ENTRY ELEMENTS (KOHA)
Koha item type Books
Holdings
Withdrawn status Lost status Collection code Home library Current library Shelving location Date acquired Source of acquisition Full call number Accession Number Koha item type
    Reference Methodist University Library Main Methodist University Library Main General Stacks 07/05/2019 Purchased from EPP Book HG8051 .R27 7776 Books
    Reference Methodist University Library Main Methodist University Library Main General Stacks 07/05/2019 Purchased from EPP Book HG8051 .R27 7777 Books
Copyright © 2026  MUG Library